[Event "American Continental 3rd"]
[Site "Buenos Aires"]
[Date "2005.08.11"]
[Round "6"]
[White "Lima, Darcy Gustavo Macha"]
[Black "Scarella, Enrique Alejandro"]
[Result "1-0"]
[WhiteElo "2535"]
[BlackElo "2367"]
[Annotator "Roiz,M"]
[PlyCount "71"]
[EventDate "2005.08.06"]
[EventType "swiss"]
[EventRounds "11"]
[EventCountry "ARG"]
[SourceTitle "CBM 109"]
[Source "ChessBase"]
[SourceDate "2005.11.14"]
[SourceVersion "1"]
[SourceVersionDate "2005.11.14"]
[SourceQuality "1"]

1. e4 d5 2. exd5 Nf6 {That system is a rare guest in modern practice. The main
lines of Scandinavian after 2...Qxd5 3.Nc3 Qa5 or 3...Qd6 are much more
popular.} 3. d4 Nxd5 4. c4 Nb6 5. Nf3 g6 6. Nc3 Bg7 7. c5 {An ambitious way to
fight for the opening advantage.} ({The main line here is-->} 7. h3 O-O 8. Be3
Nc6 9. Qd2 e5 10. d5) 7... Nd5 8. Bc4 {That is the most active way of
development.} Nxc3 9. bxc3 O-O 10. O-O Nc6 {Black intends to break white's
pawns centre by e7-e5.} ({The immediate attempt to do it by} 10... b6 {doesn't
solve all black's problems:} 11. Re1 Nc6 (11... bxc5 12. Bg5 Bf6 13. Bxf6 exf6
14. dxc5 $14) 12. Bg5 h6 13. Bh4 Bf6 (13... g5 14. Bxg5 hxg5 15. Nxg5 $40) 14.
Bxf6 exf6 15. cxb6 cxb6 16. Bf1 $14 {1-0 Vorobiov,E-Nureev,G/Moscow 2002/EXT
2003 (26)}) 11. Re1 {Putting pressure on black's Pe7 is typical for that
system.} ({Noting special promises} 11. h3 Na5 12. Bd3 b6 13. Re1 Bb7 14. Ba3
Re8 15. Bb5 Bc6 16. Bxc6 Nxc6 17. Qa4 Na5 18. Bb4 Nc4 $132 {0-1 Zaitsev,
I-Smagin,S/Moscow 1995/CBM 47 ext (39)}) 11... Bg4 12. Bg5 {The only way to
prevent Black from freeing himself by e7-e5.} (12. Bf4 e5 13. dxe5 Qe7 14. Re4
Rad8 15. Qe2 Bxf3 16. gxf3 Qxc5 $132 {1-0 Mahdi,K-Sturmayr,D/Aschach 1998/EXT
2000 (21)}) (12. h3 Bxf3 13. Qxf3 e5 14. d5 Na5 $132) 12... h6 13. Bh4 g5 14.
Bg3 e5 15. d5 $146 {This natural advancement destroys the coordination between
Black's pieces.} (15. Bxe5 Nxe5 16. dxe5 Qxd1 17. Raxd1 Rae8 18. Re3 {1/2-1/2
Bakre,T-Maslak,K/Olomouc CZE 2005 (18)}) 15... Na5 16. Bf1 c6 {That allows
White to advance his strong d-pawn, but Black gets some time for consolidating.
} ({It was better to win the exchange:} 16... e4 17. Rxe4 Bxf3 (17... f5 18.
Rxg4 fxg4 19. Ne5 h5 (19... Bxe5 20. Bxe5 Qe7 21. Qd4 $16) 20. d6 {[%cal Gd1d5]
} c6 21. Bd3 $1 (21. Qd4 h4 22. Bc4+ Nxc4 23. Qxc4+ Kh7 24. Qe4+ Kg8 $11) 21...
h4 (21... Re8 22. Qe2 Qf6 (22... h4 23. Qe4 hxg3 24. Qh7+ Kf8 25. Qf5+ $18) 23.
Re1 $16 {[%cal Ge2e4]}) 22. Qxg4 Rf6 23. Bxh4 gxh4 24. Qxh4 Rh6 25. Bc4+ Nxc4
26. Qxc4+ Kh7 27. Nf7 Qh4 28. Qd3+ Rg6 29. d7 Bf6 30. Rb1 $1 $16 {[%cal Gb1b4]}
) 18. Qxf3 Qxd5 19. Rd1 (19. Bxc7 Qxc5 20. Bxa5 Qxa5 $11) 19... Qxc5 20. Rd7
Qxc3 21. Qf5 Nc6 22. Bxc7 $1 $36 {although White has a dangerous initiative
here.} (22. Rxc7 $6 Qa5 $11)) 17. d6 f6 $1 {That looks very passively,but now
White has to act very energetically,since Black is ready to regroup the pieces.
} (17... e4 18. Rxe4 f5 (18... Bxf3 19. Qxf3 f5 20. Re7 f4 21. Qe4 fxg3 22. Qg6
gxf2+ 23. Kh1 Qxe7 24. dxe7 Rf7 25. Qe6 Re8 26. Rd1 $18) 19. Rxg4 fxg4 20. Ne5
{-->see the notes to 16...e4 17.Rxe4 f5.}) 18. h3 Bd7 (18... Bh5 $5 {also
deserves attention keeping the pin. For instance,} 19. Be2 b6 20. Qd3 Bf7 21.
Qf5 Re8 $132) 19. h4 {Black has a very solid position,so White is trying to
weaken his king-side.} b6 $1 {It's important to liberate the knight as soon as
possible.} (19... g4 20. Nd2 (20. Nh2 e4 (20... h5 21. Bd3 b6 22. Bc2 Nb7 (
22... e4 23. Rxe4 f5 24. Re7 f4 25. Bxf4 Rxf4 26. Qd3 Bf5 27. Qe3 Bxc2 28. Qxf4
$18 {[%csl Ge7][%cal Gf4g5,Ga1e1]}) 23. Qd3 f5 24. Qc4+ Kh8 25. Bxe5 Bxe5 26.
Rxe5 $16) 21. Rxe4 (21. Nxg4 $2 f5 22. Ne5 f4 23. Nxd7 fxg3 24. Nxf8 gxf2+ 25.
Kxf2 Qxh4+ 26. Kg1 Rxf8 $40 {[%cal Gg7e5]}) 21... f5 22. Ra4 b5 23. cxb6 axb6
$132) 20... Re8 21. Nc4 b5 22. Nxa5 Qxa5 $14) 20. hxg5 hxg5 {[%csl Rf3,Rg3]
Now the Bg3 and the Nf3 are not really in the play, so the position is very
complicated.} 21. Rb1 ({Maybe the immediate} 21. Nd2 $5 {was more to the
point?!}) 21... bxc5 22. Qa4 {Taking control of Na5.} Rf7 (22... Be6 {could be
also strongly met by:} 23. Nd2 $1 Qxd6 $140 $2 24. Ne4 Qc7 25. Nxc5 Bf5 26. Na6
$18 {[%csl Ra5,Rc7]}) 23. Nd2 Bf5 {[%cal Gf7d7] Freeing a spot for the rook.} (
23... Be6 $5 {also comes into consideration:} 24. Ne4 c4 $132 {[%csl Ra5,Rg3]
[%cal Ge6d5]}) 24. Rbd1 Rd7 25. Nc4 (25. Ne4 {was also unclear:} Bxe4 26. Rxe4
Bf8 $13 {and Black gets some material advantage.}) 25... Nxc4 26. Bxc4+ Kh7 $2
{Choosing a wrong square for retreat- here the king is more vulnerable.} ({
The correct way was:} 26... Kh8 27. Qxc6 Bf8 28. Rd2 Rb8 29. Red1 Rb6 30. Qxc5
Rbxd6 $11) 27. Qxc6 Rc8 $2 {Black doesn't feel the danger.} ({It was necessary
to trade the queens even at the cost of a pawn:} 27... Bf8 28. Bb5 Kg6 29. Bxe5
$1 fxe5 30. Rxe5 Rxd6 (30... Rc8 31. Qf3 $18) 31. Rxd6+ Qxd6 32. Qxa8 Qxe5 33.
Qxf8 $16) 28. Qf3 {[%cal Gf3h5]} Kg6 {Black wants to keep the material balance,
but that only adds problems.} ({The best chance was probably:} 28... Bg6 $142
29. Be6 Qe8 30. Bxd7 Qxd7 {[%csl Gg6][%cal Gc5c4]} {although after} 31. c4 $1
$18 {White's position should be winning.}) 29. Bh2 $1 {[%cal Gg2g4] The threat
g2-g4 forces Black to weaken his king even more.} g4 (29... Rxd6 30. g4 Bc2 31.
Rxd6 Qxd6 32. Qe2 {[%csl Rc2]} Ba4 33. Qe4+ $18) 30. Qd5 Qh8 ({Black had no
time for taking the Pd6:} 30... Bf8 31. Bd3 Bxd3 (31... Bxd6 32. Qe6 Bxd3 33.
Rxd3 $18) 32. Qxd3+ Kh6 33. Qg3 Rxd6 34. Qh4+ Kg7 35. Qxg4+ Kh8 36. f4 $18) 31.
f3 $2 {That advancement weakens the Kg1 and gives Black some counterchances.} (
{Nothing special promised} 31. Bd3 $6 Bxd3 32. Qxd3+ f5 33. Qd5 Re8 $14 {
[%cal Gg7f6,Gd7h7,Gf5f4] and Black has some counterplay.}) ({But white had a
winning possibility:} 31. Bb5 $142 $1 {(destroying the coordination between
black's pieces)} Rf7 (31... Rdd8 32. Bd3 $18) 32. Bd3 Bxd3 33. Qxd3+ f5 34. Qd5
Bf6 35. Bxe5 Rh7 36. g3 Bxe5 37. Rxe5 Rh1+ 38. Qxh1 Qxe5 39. d7 Rd8 40. Qh4 $18
) 31... Qh5 $2 {Missing a great chance!} ({Badly was also:} 31... Rcd8 $2 32.
fxg4 Bxg4 33. Bd3+ f5 (33... Kh5 34. Qxc5 Bxd1 35. Rxd1 $18) (33... Kh6 34.
Bf4+ exf4 35. Qe4 f5 36. Qxf4+ Kh5 37. Bxf5 $18) 34. Qe6+ Kg5 35. Bxe5 Bxe5 36.
Rxe5 Rxd6 37. Rxf5+ Bxf5 38. Qxf5+ Kh6 39. Qf4+ Kg7 40. Qg5+ $18) ({but after
the correct} 31... gxf3 $142 $1 32. Qxf3 (32. Rf1 Qh5 {[%cal Gc8h8]} 33. Qxf3
Qxf3 34. Rxf3 Rcd8 $11) 32... Qh5 33. Qxh5+ Kxh5 34. Bb5 Rdd8 $14 {White's
advantage is not big.}) 32. fxg4 Qxg4 $2 {A decisive mistake in a very hard
position- now Black couldn't avoid the loss of material.} ({After} 32... Bxg4
$142 33. Bd3+ Kh6 (33... Bf5 34. Rf1 Bxd3 35. Rxd3 $18 {[%cal Gd3g3,Gg3h3]})
34. Bb5 Rdd8 $16 {Black could still provide some resistance.}) 33. Re3 Rxd6 {
That loses immediately, but Black has no defence anyway.} ({Hopeless was also:
} 33... Kh7 34. Rf1 Qg5 35. Rg3 Bg4 36. Be2 f5 37. Rxf5 Qxf5 38. Bd3 $18) ({or
} 33... Be6 34. Qxe6 Qxd1+ 35. Kf2 Qd2+ 36. Re2 Qxd6 37. Qg4+ Kh7 38. Be6 $18 {
[%cal Gg4h5,Ge6f5]}) 34. Qf7+ Kh7 35. Rxd6 Rb8 36. Rh3+ 1-0

[Event "EU-ch 6th"]
[Site "Warsaw"]
[Date "2005.06.27"]
[Round "9"]
[White "Fedorchuk, Sergey A"]
[Black "Reinderman, Dimitri"]
[Result "1-0"]
[WhiteElo "2577"]
[BlackElo "2509"]
[Annotator "Roiz,M"]
[PlyCount "55"]
[EventDate "2005.06.18"]
[EventType "swiss"]
[EventRounds "13"]
[EventCountry "POL"]
[SourceTitle "CBM 108"]
[Source "ChessBase"]
[SourceDate "2005.09.26"]
[SourceVersion "1"]
[SourceVersionDate "2005.09.26"]
[SourceQuality "1"]

1. e4 d5 2. exd5 Qxd5 3. Nc3 Qa5 4. d4 c6 5. Nf3 Bf5 6. Bd2 e6 7. Bc4 Nf6 {
The main system of the Scandinavian.} 8. Nd5 {White wants to get some
advantage due to preferablity of his pawn structure.} (8. Qe2 Bb4 {--> usually
leads to a more sharp positions.}) 8... Qd8 9. Nxf6+ Qxf6 {That continuation
is known like a very risky one.} ({The main continuation here is-->} 9... gxf6
{However,usually white gets a small edge in this line. For instance,} 10. Bb3
Nd7 11. Qe2 Qc7 12. Nh4 Bg6 13. O-O-O O-O-O 14. g3 Kb8 15. Ng2 Bd6 16. h4 h5
17. Nf4 $14 {1-0 Ponomariov,R-Papaioannou,I/Plovdiv BUL 2003 (45)}) 10. Qe2 {
Preparing the queen-side castle.} ({White haven't achieved anything special
after:} 10. Bc3 Qd8 11. Qe2 Be7 12. Ne5 b5 13. g4 Bg6 14. Bb3 b4 15. Nxg6 hxg6
16. Bd2 Nd7 (16... Qxd4 17. O-O-O $36) 17. O-O-O Nb6 18. Rhe1 Qd6 $132 {
1/2-1/2 Almasi,Z-Skytte,R/Hamburg GER 2005 (66)}) 10... Nd7 ({Black has also
tried an immediate} 10... Bg4 11. O-O-O (11. d5 $5 {looks very promising})
11... Nd7 12. d5 Bxf3 13. gxf3 cxd5 14. Bxd5 O-O-O 15. Bxb7+ (15. Be4 Qe5 16.
Bc3 Qc7 $132) 15... Kxb7 16. Qe4+ Ka6 17. Qa4+ Kb7 18. Qe4+ Ka6 19. Qa4+ Kb7 {
1/2-1/2 Ye Jiangchuan-Malakhov,V/Moscow CHN 2004 (19)}) 11. O-O-O {Now the
drawback of 9...Qxf6 is obvious: black cannot play 11...0-0-0 in view of 12.
Bg5.} Nb6 $6 {I don't like that move,as it weakens the a4-a8 diagonal and
helps white to develop the initiative.} ({I would prefer:} 11... Bg4 {
-->transposing to Ye Jiangchuan-Malakhov.}) 12. Bb3 Bg4 13. d5 $1 {That
energetical move is the only way to fight for the initiative.} Bxf3 14. gxf3
cxd5 15. Bxd5 {Winning the pawn back,but allowing black to castle.} ({In my
opinion,white's play in the following game is more ambitious:} 15. Qb5+ $5 Kd8
16. Kb1 {[%cal Gc2c4]} Bd6 17. c4 Rc8 18. cxd5 e5 19. f4 exf4 20. Rhe1 $36 {
1-0 Van der Weide,K-Kotronias,V/Port Erin IOM 2003 (39)}) 15... O-O-O ({
Ofcourse,not} 15... Nxd5 $2 16. Qb5+ Kd8 17. Qxb7 Rc8 18. Ba5+ $18) 16. Be4 Bd6
17. Kb1 $146 {That profilactic move allows white to avoid the exchange of the
dark-squared bishops.} (17. Be3 Bf4 18. Qb5 Qe5 19. Qxe5 Bxe5 20. f4 Bf6 $11 {
1/2-1/2 Delorme,A-Prie,E/Nantes FRA 2003 (41)}) ({Nothing promises:} 17. Bc3
Qe7 18. Kb1 f5 19. Bd3 Nd5 $132) 17... Qe7 {There is nothing wrong with that
retreat,but it was a right moment for profilactic move 17...Kb8.} ({For
instance,} 17... Kb8 18. Qb5 (18. Be3 Bc7 $11) 18... Qe5 19. Qb3 Bc5 $11) 18.
a4 $5 {That agressive move is good from psychological point of view: black
should be ready for a forced play.} ({Black's position would be very solid
after:} 18. Be3 Bc7 $11) 18... a6 {A passive strategy leads to an inferior
position!} ({Dubious would be:} 18... Kb8 $6 19. a5 Nd5 20. a6 b6 21. Qb5 $14)
({But black could solve all his problems by energetical play:} 18... f5 $1 19.
a5 fxe4 20. axb6 exf3 21. Qc4+ (21. Qxf3 axb6 $11) 21... Kb8 22. bxa7+ Kxa7 23.
Be3+ Kb8 24. Qa4 Bc5 25. Qf4+ e5 26. Qxf3 Rhf8 $11) 19. a5 Nd5 20. c4 Nf4 $5 {
A good move,which however,was connected with a very bad idea!} ({Good enough
looked also:} 20... Nf6 $5 21. Bc3 Bb4 $1 22. Be5 Bd6 $11) 21. Qe3 {[%csl Rc8,
Rf4][%cal Ge3a7]} f5 $2 {Missing a strong reply which makes black's position
critical.} ({A logical attempt to secure the Nf4 fails to equalize after:} 
21... g5 $6 {[%cal Gd6c5]} 22. Bc3 $1 (22. c5 $2 Bxc5 (22... Bc7 $2 23. c6 $18
{with a decisive attack.}) 23. Rc1 Kb8 24. Rxc5 Rxd2 25. Rhc1 (25. Qxd2 Qxc5
26. Rc1 Qe7 27. Qd4 f6 $17) 25... Rd7 26. Qc3 Qd8 $15) 22... Bc5 23. Bf6 $3
Rxd1+ 24. Rxd1 Bxe3 25. Bxe7 Bxf2 26. Bxg5 $14) ({But black could easily
equalize after the quiet:} 21... Qc7 $142 22. Qb3 Be5 23. Be3 Rxd1+ 24. Rxd1 f5
25. Bb6 Qe7 26. Bc2 Bc7 $11) 22. c5 $1 Bxc5 $2 {As it usually happens,one
mistake leads to another one. Now white easily wins.} (22... Be5 23. Bxb7+ Qxb7
24. Qxe5 $18 {[%csl Re6]}) ({Black could provide resistance only after:} 22...
Bc7 $142 23. Bxf5 Rd7 24. Be4 Nd5 $16) 23. Rc1 $18 {Now black cannot avoid a
loss of material.} Kb8 ({Hopeless would be also:} 23... Ng2 24. Qxc5+ Qxc5 25.
Rxc5+ Kb8 26. Bg5 $1 fxe4 27. Bxd8 Rxd8 28. fxe4 $18) ({or} 23... Rxd2 24.
Rxc5+ Kb8 25. Qxf4+ $18) 24. Qxc5 Qxc5 25. Bxf4+ Qd6 26. Bxd6+ Rxd6 27. Bc2 Rd2
28. Rhf1 1-0

[Event "Biel GM"]
[Site "Biel"]
[Date "2005.07.17"]
[Round "1"]
[White "Volokitin, Andrei"]
[Black "Bauer, Christian"]
[Result "1/2-1/2"]
[WhiteElo "2671"]
[BlackElo "2641"]
[Annotator "Roiz,M"]
[PlyCount "48"]
[EventDate "2005.07.17"]
[EventType "tourn"]
[EventRounds "10"]
[EventCountry "SUI"]
[EventCategory "16"]
[SourceTitle "CBM 108"]
[Source "ChessBase"]
[SourceDate "2005.09.26"]
[SourceVersion "1"]
[SourceVersionDate "2005.09.26"]
[SourceQuality "1"]

1. e4 d5 2. exd5 Qxd5 3. Nc3 Qa5 4. d4 Nf6 5. Nf3 Bg4 {That system has a bad
reputation,so you can rarely meet it in GM's practice. However,Christian Bauer
is known like a very original player with a large opening repertoire.} 6. h3
Bh5 7. g4 Bg6 8. Ne5 {White has to play very enegretically in order to profit
from his development advantage.} e6 ({Another theoretical line here is-->} 8...
c6 9. h4 Nbd7 10. Nc4 Qc7 11. h5 Be4 12. Nxe4 Nxe4 13. Qf3 $14 {[%cal Gc1f4] ,
but usually black fails to equalize here.}) 9. Bg2 {Taking control of the long
diagonal.} ({The alternatives are:} 9. h4) (9. Nc4) ({and} 9. Bd2) 9... c6 10.
h4 {That is a standard attacking idea in the Scandinavian-black should take
care of Bg6.} Nbd7 ({Another possible continuation is-->} 10... Be4 11. Bxe4
Nxe4 12. Qf3 Nd6 13. Bd2 f6 14. Nd3 Nd7 15. O-O-O O-O-O 16. Rhe1 Re8 17. Kb1
Nc4 18. Ne4 Nxd2+ 19. Nxd2 $14 {1-0 Klimov,S-Feofanov,D/St Petersburg RUS 2004/
The Week in Chess 492 (62)}) 11. Nxd7 ({The 12th World Champion opted for:} 11.
Nc4 Qa6 12. Bf1 b5 13. h5 Bxc2 14. Qxc2 bxc4 15. g5 Nd5 16. Qe4 Rb8 $132 {
1-0 Karpov,A-Larsen,B/Mar del Plata 1982/MCL (32) and convincingly won.
However,that line looks completely unclear.}) 11... Kxd7 12. Bd2 (12. h5 Be4
13. f3 Bd5 14. g5 Ng8 15. Bd2 Qc7 $132) 12... h6 13. g5 (13. Nd5 Qd8 14. Nxf6+
Qxf6 15. c3 Bd6 $11) 13... hxg5 14. hxg5 Rxh1+ 15. Bxh1 Ne8 16. d5 (16. Ne4 Qb6
17. Nc5+ Kc8 $132) 16... cxd5 17. Nxd5 Qa4 {That sharp position is critical
for the whole theoretical line!} (17... Qd8 $2 18. Nf6+ Kc8 19. Nxe8 Qxe8 20.
Qf3 Qb5 21. O-O-O $16) 18. Bb4 $6 $146 {That tempting move doesn't promise
white any advantage and only helps black to simplify the position.} (18. Nf4
Bxc2 (18... Be4 $5) 19. Qe2 Nd6 20. g6 e5 (20... Bxg6 $5 21. Nxg6 fxg6) 21. Nd3
Bxd3 22. Qxd3 f5 (22... e4 23. Qd5 $44) 23. Bxb7 $132 {1-0 Shaw,J-Zeidler,S/
England 2000/EXT 2001 (41)}) ({The best continuation here is probably:} 18. Ne3
$142 Nd6 ({maybe black can try} 18... Be4 $5 {although it looks extremely risky
}) 19. c4 Qxd1+ 20. Rxd1 Bh5 21. Rc1 Rc8 22. c5 Nb5 23. b4 $1 $14 {and white
has some pressure in this endgame.} (23. Nc4 $143 Bxc5 24. Bxb7 Rc7 25. Ba6 Nd4
26. Ba5 Bb6 27. Bxb6 axb6 28. Nxb6+ Kd8 29. Rxc7 Kxc7 30. Nc4 Nc2+ 31. Kd2 Nb4
32. Bb5 Nxa2 $11 {1/2-1/2 Egger,J-Cortes Moyano,J/Santiago 1995/EXT 2001 (41)})
) 18... Bd6 ({There was nothing wrong also with natural:} 18... Bxb4+ 19. Nxb4+
Nd6 20. c3 (20. Qd2 a5 21. Nd3 Ke7 $15) 20... Qxd1+ ({black may also fight for
the initiative by:} 20... Qb5 $5) 21. Rxd1 Ke7 $11) 19. b3 Qa6 ({Another good
option would be:} 19... Bxc2 20. bxa4 (20. Qd4 Qb5 21. Bxd6 Nxd6 22. Ne3 Rc8
$15) 20... Bxd1 21. Rxd1 exd5 22. Rxd5 Rc8 $11) 20. Ne3 Bh5 $1 {That move
connected with a little tactical operation which leads to an equal endgame.} ({
Inaccurate would be:} 20... Rd8 $6 21. Qd4 Kc8 22. Bxd6 Rxd6 (22... Nxd6 23.
Qc5+ Kb8 24. Rd1 $14) 23. Qc5+ Nc7 24. Nc4 Rd8 25. Rd1 $14 {and white is
better.}) 21. Qd2 Qe2+ $1 {Trading the queens and avoiding any danger.} 22.
Qxe2 Bxb4+ 23. Qd2+ (23. Kf1 Bxe2+ 24. Kxe2 Nd6 $11) 23... Bxd2+ 24. Kxd2 Nd6 (
24... Nd6 25. c4 Rd8 26. Kc3 (26. c5 $6 Nb5 27. Nc4 Kc7+ 28. Ke3 Nc3 $15) 26...
b6 $11) 1/2-1/2